Wird geladen...

Kalathinte vakshassil Orormmathuruth

Bibliographische Detailangaben
1. Verfasser: Radhalakshmi Padmarajan
Veröffentlicht: DCBooks
LEADER 00210 a2200097 4500
020
260 |b DCBooks 
942 |c BK  |6 _ 
245 |a Kalathinte vakshassil Orormmathuruth  
100 |a Radhalakshmi Padmarajan 
999 |c 63697  |d 63697